Louis-Jean Marie Daubenton / (Record no. 169757)

MARC details
000 -LEADER
campo de control de longitud fija 00965nam a22002175i 4500
001 - NÚMERO DE CONTROL
campo de control 169757
003 - IDENTIFICADOR DE NÚMERO DE CONTROL
campo de control ES-MaACL
005 - FECHA Y HORA DE LA ÚLTIMA TRANSACCIÓN
campo de control 20250902085404.0
008 - DATOS DE LONGITUD FIJA--INFORMACIÓN GENERAL
campo de control de longitud fija 081125s2002 sp |||| | spa d
080 ## - NÚMERO DE LA CLASIFICACIÓN DECIMAL UNIVERSAL
Número de la Clasificación Decimal Universal 619:929 Daubenton, Louis-Jean Marie
100 1# - ENTRADA PRINCIPAL--NOMBRE DE PERSONA
Nombre de persona Kováts, Jenö.
9 (RLIN) 138944
245 10 - MENCIÓN DEL TÍTULO
Título Louis-Jean Marie Daubenton /
Mención de responsabilidad, etc. [Jenö Kováts] ; traducción del inglés por Olatz Etxaniz Bujanda ; adaptación por José Manuel Etxaniz Makazaga.
260 ## - PUBLICACIÓN, DISTRIBUCIÓN, ETC.
Lugar de publicación, distribución, etc. Donostia :
Nombre del editor, distribuidor, etc. Real Sociedad Bascongada de los Amigos del País,
Fecha de publicación, distribución, etc. 2002.
300 ## - DESCRIPCIÓN FÍSICA
Extensión P. [193]-195 :
Otras características físicas il. ;
Dimensiones 21 cm.
500 ## - NOTA GENERAL
Nota general Separata del : Boletín de la Real Sociedad Bascongada de los Amigos del País. T.LVIII, n 1 (2002)
600 14 - PUNTO DE ACCESO ADICIONAL DE MATERIA--NOMBRE DE PERSONA
Nombre de persona Daubenton, Louis-Jean-Marie,
Fechas asociadas al nombre 1716-1799
9 (RLIN) 126703
700 1# - ENTRADA AGREGADA--NOMBRE PERSONAL
Nombre de persona Etxaniz Makazaga, José-Manuel.
9 (RLIN) 137731
710 2# - ENTRADA AGREGADA--NOMBRE DE ENTIDAD CORPORATIVA
Nombre de entidad corporativa o nombre de jurisdicción como elemento de entrada Real Sociedad Bascongada de los Amigos del País
9 (RLIN) 6366
852 ## - LOCALIZACIÓN
Ubicación ES-MaACL
Número de control de estantería 2238-F-16
itemnumber R.143249
Holdings
Estatus retirado Estado de pérdida Estado de daño No para préstamo Colección Biblioteca de origen Biblioteca actual Ubicación en estantería Fecha de adquisición Fuente de adquisición Total de préstamos Signatura topográfica completa Código de barras Visto por última vez Precio de reemplazo Tipo de ítem Koha
        Colección de folletos Biblioteca del Ateneo de Madrid Biblioteca del Ateneo de Madrid Depósito folletos 25/11/2008     2238-F-16 1178227 23/02/2023 23/02/2023 Folleto